000 00471nam a2200169Ia 4500
003 OSt
005 20200703115517.0
008 190216s9999||||xx |||||||||||||| ||und||
040 _coclc
082 _a941.08
_bABR/H
100 _aAbraham, K M
_93506
245 0 _aA Hand Book Of British History /
_cK M Abraham
260 _bDeepa Books,
_aKuruvilangad:
300 _a295p
650 _aHistory
942 _cBK
_2ddc
_h941.08
_iABR/H
_k941.08
_mABR/H
999 _c21322
_d21322